| 000 | 00815nam a2200253 a 4500 | ||
|---|---|---|---|
| 001 | 000026917 | ||
| 003 | DO-SdBNP | ||
| 005 | 20250924073802.0 | ||
| 007 | ta | ||
| 008 | 110328s1986 dr a 000 | spa d | ||
| 040 |
_aDO-SdBNP _bspa _cBNPHU |
||
| 049 | _aBNPD | ||
| 082 | 4 | _222 | |
| 100 | 1 |
_aDomínguez, Jaime de Jesús, _d1947- _910244 |
|
| 245 | 1 | 3 |
_aLa dictadura de Heureaux / _cJaime de Jesús Domínguez. |
| 260 |
_aSanto Domingo : _bUniversitaria, _c1986. |
||
| 300 |
_a253 p. : _bil. ; _c28 cm. |
||
| 490 | 1 |
_aPublicaciones de la Universidad Autónoma de Santo Domingo _v472 |
|
| 490 | 1 |
_aHistoria y sociedad _v66 |
|
| 590 | _aInventariado, 2023/BT | ||
| 830 | 0 |
_aHistoria y sociedad ; _913749 _n66 |
|
| 830 |
_aPublicaciones de la Universidad Autónoma de Santo Domingo _n472 _952 |
||
| 942 |
_2ddc _cLBS1 |
||
| 999 |
_c26409 _d26409 |
||